=LDR 00000nam 2200000 4500 =001 INLIS000000000024153 =005 20130612122746 =008 ***********************************Ind** =035 ##$$0010-061300000024153 =041 ##$$a Ind =082 ##$$a F.Rom k =090 ##$$a F.Rom k, Twa a =100 ##$$a Twain, Mark =245 ##$$a The adventures of huckleberry tinn, Mark Twain =260 ##$$a 2000 $b Jakarta =300 ##$$a 94 hlm, ilus, 17 cm =650 ##$$a fiksi kanak-kanak =850 ##$$a NBPNMAT